Countries Smaller than the Casualties in Gaza - Statistics

General Stats
  • This quiz has been taken 9 times
  • The average score is 18 of 21
Answer Stats
Answer % Correct
Andorra
100%
Nauru
100%
Saint Kitts and Nevis
100%
Tuvalu
100%
Vatican City
100%
Grenada
89%
Liechtenstein
89%
Palau
89%
Saint Lucia
89%
Saint Vincent and the Grenadines
89%
Samoa
89%
San Marino
89%
Seychelles
89%
Dominica
78%
Kiribati
78%
Marshall Islands
78%
Micronesia
78%
Monaco
78%
Tonga
78%
Antigua and Barbuda
67%
Sao Tome and Principe
56%
No matching quizzes found
Score Distribution
Percent of People with Each Score
Percentile by Number Answered
Your Score History
You have not taken this quiz